[Event "Tasmania-ch"]
[Site "Havenview"]
[Date "2016.06.11"]
[Round "1"]
[White "Lewis, Nigel"]
[Black "Dyer, Alastair"]
[Result "0-1"]
[WhiteElo "1546"]
[BlackElo "2071"]
[PlyCount "98"]
[EventDate "2016.06.11"]
[EventType "swiss"]
[EventRounds "7"]
[EventCountry "AUS"]
[SourceTitle "EXT 2018"]
[Source "ChessBase"]
[SourceDate "2017.10.13"]
[SourceVersion "1"]
[SourceVersionDate "2017.10.13"]
[SourceQuality "1"]

1. d4 d5 2. Nc3 Nf6 3. e3 Bf5 4. Nf3 c5 5. Bb5+ Nc6 6. Ne5 Qc7 7. Bxc6+ bxc6 8. Nf3 e6 9. 0-0 Bd6 10. Ne2 Ne4 11. Ng3 Nxg3 12. fxg3 h5 13. dxc5 Bxc5 14. Nd4 Be4 15. b3 h4 16. Qg4 0-0-0 17. gxh4 g5 18. Bb2 Rxh4 19. Qg3 Bd6 20. Rf4 Bxf4 21. exf4 Qxf4 22. Nxc6 Rd7 23. Be5 Qxg3 24. Bxg3 Rh6 25. c3 f5 26. Ne5 Rdh7 27. h3 f4 28. Bf2 f3 29. Ng4 Rg6 30. Ne5 fxg2 31. Re1 Rf6 32. Bd4 Rxh3 33. Rxe4 dxe4 34. Kxg2 Rh7 35. Ng4 Rf8 36. a4 a6 37. b4 Rd8 38. Bc5 Rd3 39. c4 Ra3 40. a5 Kb7 41. Kf2 Rh4 42. Be7 Rxg4 43. b5 Rxa5 44. bxa6+ Rxa6 45. Bc5 Rf4+ 46. Ke3 e5 47. Be7 g4 48. Bg5 Ra3+ 49. Ke2 Rff3 0-1

[Event "Tasmania-ch"]
[Site "Havenview"]
[Date "2016.06.11"]
[Round "2"]
[White "Lewis, Nigel"]
[Black "Kuzmic, Carey"]
[Result "1-0"]
[WhiteElo "1546"]
[BlackElo "1505"]
[PlyCount "95"]
[EventDate "2016.06.11"]
[EventType "swiss"]
[EventRounds "7"]
[EventCountry "AUS"]
[SourceTitle "EXT 2018"]
[Source "ChessBase"]
[SourceDate "2017.10.13"]
[SourceVersion "1"]
[SourceVersionDate "2017.10.13"]
[SourceQuality "1"]

1. d4 Nf6 2. Nc3 e6 3. e4 d6 4. Nf3 Nbd7 5. Bd3 Be7 6. Be3 0-0 7. h3 c5 8. dxc5 Nxc5 9. Bxc5 dxc5 10. Qe2 a6 11. Rd1 Qc7 12. e5 Nd5 13. Qe4 f5 14. exf6 Nxf6 15. Qh4 h6 16. 0-0 Nh7 17. Qe4 Nf6 18. Qg6 Bd7 19. Ne4 Nxe4 20. Bxe4 Rf6 21. Qh7+ Kf7 22. Nh4 Bf8 23. Nf3 Bc6 24. Bxc6 bxc6 25. Rd7+ Qxd7 26. Ne5+ Ke7 27. Nxd7 Kxd7 28. Rd1+ Ke7 29. Qd3 Kf7 30. Qd7+ Kg8 31. Qxc6 Rb8 32. b3 a5 33. Rd3 a4 34. Qxa4 Rb4 35. Qc6 Rbf4 36. f3 R4f5 37. a4 Re5 38. Kf2 c4 39. Rd8 Ref5 40. Qxc4 Kh7 41. b4 Re5 42. a5 Be7 43. Qd3+ Rff5 44. Rd4 Kg8 45. a6 Bg5 46. a7 Rf8 47. f4 Ref5 48. g3 1-0

[Event "Tasmania-ch"]
[Site "Havenview"]
[Date "2016.06.11"]
[Round "3"]
[White "Rumley, William"]
[Black "Lewis, Nigel"]
[Result "1-0"]
[WhiteElo "1115"]
[BlackElo "1546"]
[PlyCount "101"]
[EventDate "2016.06.11"]
[EventType "swiss"]
[EventRounds "7"]
[EventCountry "AUS"]
[SourceTitle "EXT 2018"]
[Source "ChessBase"]
[SourceDate "2017.10.13"]
[SourceVersion "1"]
[SourceVersionDate "2017.10.13"]
[SourceQuality "1"]

1. e4 e5 2. Nf3 d6 3. Bc4 Be7 4. c3 h6 5. Qb3 Be6 6. Bxe6 fxe6 7. Qxe6 Nf6 8. d4 Nbd7 9. dxe5 dxe5 10. Nxe5 Nxe5 11. Qxe5 0-0 12. f3 Qd7 13. 0-0 Rae8 14. Qg3 Kh7 15. Be3 b6 16. Nd2 c5 17. Rad1 Qb5 18. b3 Qc6 19. Nc4 Nd7 20. Qh3 Nf6 21. Ne5 Qc8 22. Qxc8 Rxc8 23. Nd7 Rf7 24. Nxf6+ Bxf6 25. c4 Rcc7 26. Rd3 a6 27. Rfd1 b5 28. cxb5 axb5 29. Rd5 c4 30. Rxb5 cxb3 31. Rxb3 Rfe7 32. Rc1 Rxc1+ 33. Bxc1 Bd4+ 34. Be3 Bf6 35. Kf2 Rc7 36. Kg3 Be7 37. Rb1 Rc2 38. Rb7 Bd6+ 39. Kh3 Rxa2 40. Bd4 Kg8 41. Rxg7+ Kf8 42. Rg6 Bb4 43. Rxh6 Bd2 44. Rf6+ Ke7 45. Rb6 Ra5 46. Bf6+ Kf7 47. Bh4 Be3 48. Rf6+ Kg7 49. Rf5 Ra6 50. e5 Bd4 51. Bf6+ 1-0